Biodiversity of littoral macroinvertebrates in the Mekong River = Đa dạng thành phần loài động vật không xương sống cỡ lớn ven bờ sông Mekong /
Gorde:
| Egile nagusia: | |
|---|---|
| Beste egile batzuk: | , , , |
| Formatua: | Artikulua |
| Hizkuntza: | Vietnamese |
| Etiketak: |
Etiketa erantsi
Etiketarik gabe, Izan zaitez lehena erregistro honi etiketa jartzen!
|
| Thư viện lưu trữ: | Thư viện Trường Đại học Đà Lạt |
|---|
| LEADER | 00975nam a2200265 4500 | ||
|---|---|---|---|
| 001 | DLU140164164 | ||
| 005 | ##20140917 | ||
| 040 | # | # | |a DLU |b vie |
| 041 | # | # | |a vie |
| 044 | # | # | |a vn |
| 100 | # | # | |a Ngo Xuan Quang. |
| 245 | # | # | |a Biodiversity of littoral macroinvertebrates in the Mekong River = |b Đa dạng thành phần loài động vật không xương sống cỡ lớn ven bờ sông Mekong / |c Ngo Xuan Quang,...[và những người khác]. |
| 700 | # | # | |a Ngo Thi Lan. |
| 700 | # | # | |a Nguyen Dinh Tu. |
| 700 | # | # | |a Nguyen Van Sinh. |
| 700 | # | # | |a Pham Van Lam. |
| 773 | # | # | |t Tạp chí Khoa học Đại học Sư phạm TP. Hồ Chí Minh: Khoa học tự nhiên & công nghệ |g Số 51(85), 2013, tr. 16-28 |
| 920 | # | # | |a Phòng Tạp chí -- Trung tâm Thông tin - Thư viện Trường Đại học Đà Lạt |
| 900 | # | # | |a True |
| 911 | # | # | |a Hoàng Thị Huyền |
| 925 | # | # | |a G |
| 926 | # | # | |a A |
| 927 | # | # | |a BB |
| 980 | # | # | |a Thư viện Trường Đại học Đà Lạt |